00520nam a2200145Ia 4500003000900000008004100009020002600050040001600076100002300092245007100115260003200186300002000218490003300238856010300271IN-BaIIA211028s9999 xx s 000 0 eng d a9780892523221 (Print) cIIA Library aSakai, Hajime, ed. 0a1981 Intl Conf on Fourier Transform Infrared Spectroscopyh[eBook] aWashington, USAbSPIEc1981 aOnline resource aProceedings of SPIE; V. 0289 uhttps://www.spiedigitallibrary.org/conference-proceedings-of-spie/0289yClick Here to Access eBook